书目信息 |
| 题名: |
微量元素与人体健康
|
|
| 作者: | 迟锡增 主编 | |
| 分册: | ||
| 出版信息: | 北京 化学工业出版社 1997.03 |
|
| 页数: | 262页 | |
| 开本: | 32开 | |
| 丛书名: | ||
| 单 册: | ||
| 中图分类: | R151.3 | |
| 科图分类: | ||
| 主题词: | 营养卫生 , 食品卫生 , 饮食卫生 , 食品卫生学 | |
| 电子资源: | ||
| ISBN: | 7-5025-1844-4 | |
| 000 | 00642nam0 2200229 45 | |
| 001 | 0011211899 | |
| 005 | 20001121183200.2 | |
| 010 | @a7-5025-1844-4@d15.00元 | |
| 100 | @a20001121d1997 km y0chiy0120 ea | |
| 101 | 0 | @achi |
| 105 | @a z 000yy | |
| 200 | 1 | @a微量元素与人体健康@AWei Liang Yuan Su Yu Ren Ti Jian Kang@f迟锡增主编@FChi Xi Zeng Zhu Bian |
| 210 | @a北京@c化学工业出版社@d1997.03 | |
| 215 | @a262页@d32开 | |
| 606 | 0 | @a营养卫生 |
| 606 | 0 | @a食品卫生 |
| 606 | 0 | @a饮食卫生 |
| 606 | 0 | @a食品卫生学 |
| 690 | @aR151.3@v3 | |
| 701 | 0 | @a迟锡增@4主编 |
| 801 | @aCN@bPftUser@c20001121 | |
| 905 | @b419313-314@dR151.3@eCH954@f2 | |
| 微量元素与人体健康/迟锡增主编.-北京:化学工业出版社,1997.03 |
| 262页;32开 |
| ISBN 7-5025-1844-4:15.00元 |
| ● |
| 相关链接 |
|
|
|
正题名:微量元素与人体健康
索取号:R151.3/CH954
 
预约/预借
| 序号 | 登录号 | 条形码 | 馆藏地/架位号 | 状态 | 备注 |
| 1 | 419313 | 204193130 | 自科库401/401自科库 104排3列1层/ [索取号:R151.3/CH954] | 在馆 | |
| 2 | 419314 | 204193149 | 自科库401/401自科库 104排3列1层/ [索取号:R151.3/CH954] | 在馆 |